| 000 | 00851nam a22002177a 4500 | ||
|---|---|---|---|
| 999 |
_c2388 _d2388 |
||
| 003 | AR-CdUCM | ||
| 008 | 190304b ||||| |||| 00| 0 spa d | ||
| 040 |
_aMUNICIPALIDAD PROVINCIAL DEL CUSCO _cBIBLIOTECA MUNICIPAL DEL CUSCO |
||
| 041 | _hru. | ||
| 082 |
_a320.53 / _bS61 |
||
| 100 |
_aSmirnov, G _98578 |
||
| 245 |
_aEl hombre soviético : _bLa formación de la personalidad socialista / |
||
| 260 |
_aMoscu : _bEdit.Progreso, _c1974. |
||
| 300 |
_a326 paginas ; _c19 cm. |
||
| 505 | _aLa concepción Marxista-Leninista de la personalidad --Premisas histórica y etapas fundamentales de la formación de la personalidad socialista --Los problemas de la tipificacion de la personalidad en la sociedad socialista ... | ||
| 650 |
_aSocialismo _91037 |
||
| 650 |
_aComunismo _9495 |
||
| 650 |
_aRusia _9499 |
||
| 942 |
_2ddc _cLIBROS |
||
| 945 | _arjall | ||